000
00213nam a2200085Ia 4500
008
120527s9999 xx 000 0 und d
100
_a
Brunk, D.H
245
_a
An introduction to mathematical statistics
942
_c
BK
999
_c
27842
_d
27842